120 Catcheurs par photos - Statistiques

Statistiques générales
  • Ce quiz a été pris 1 409 fois
  • Le résultat moyen est 50 sur 120
Statistiques - réponses
Par images Hint Réponse % Correct
John Cena
99%
The Rock
96%
Hulk Hogan
93%
The Undertaker
92%
Randy Orton
89%
Brock Lesnar
87%
The Big Show
87%
Triple H
87%
Kane
85%
Rey Mysterio
85%
"Stone Cold" Steve Austin
85%
Ric Flair
84%
Jeff Hardy
82%
Shawn Michaels
82%
CM Punk
81%
Roman Reigns
81%
Batista
80%
Matt Hardy
80%
Chris Jericho
78%
Cody
78%
Edge
77%
Seth Rollins
77%
Sting
76%
Kofi Kingston
75%
Daniel Bryan
74%
Kevin Owens
74%
Shinsuke Nakamura
73%
The Miz
72%
Bret Hart
71%
Dean Ambrose
71%
Kurt Angle
69%
Bill Goldberg
68%
Eddie Guerrero
68%
Christian
67%
Mick Foley
66%
AJ Styles
65%
Randy Savage
65%
Rob Van Dam
65%
André le Géant
64%
Finn Balor
64%
Sami Zayn
63%
Samoa Joe
63%
Booker T
62%
Dusty Rhodes
61%
Chris Benoit
60%
Braun Strowman
59%
The Ultimate Warrior
57%
Kevin Nash
56%
Ricochet
56%
Owen Hart
52%
John Morrison
51%
Big Van Vader
47%
Aleister Black
46%
"Rowdy" Roddy Piper
46%
Razor Ramon
43%
Adam Cole
42%
Johnny Gargano
42%
William Regal
42%
Sean Waltman
41%
Yokozuna
38%
Bruno Sammartino
37%
Tommy Dreamer
35%
Kenny Omega
34%
Lex Luger
34%
Jake "The Snake" Roberts
31%
The Iron Sheik
31%
Ted DiBiase
30%
Diamond Dallas Page
29%
Scott Steiner
29%
The British Bulldog
27%
Bam Bam Bigelow
26%
Kazuchika Okada
25%
Mr.Perfect
25%
Ricky Steamboat
24%
Terry Funk
23%
Bob Backlund
22%
Kota Ibushi
21%
Pentagon Jr.
18%
Sycho Sid
17%
Will Ospreay
17%
Antonio Inoki
16%
Dory Funk Jr.
15%
Jeff Jarrett
15%
Hiroshi Tanahashi
14%
Jay White
13%
Jushin Thunder Liger
13%
Raven
13%
Abdullah the Butcher
11%
Tetsuya Naito
11%
(gimmick) Tiger Mask
11%
Lou Thesz
10%
Minoru Suzuki
10%
Pedro Morales
10%
Harley Race
9%
"Superstar" Billy Graham
9%
Tomohiro Ishii
9%
Zach Sabre, Jr
9%
Kenta Kobashi
7%
Mil Mascaras
7%
Mitsuharu Misawa
7%
Keiji Mutoh
6%
Ultimo Dragon
6%
Dynamite Kid
5%
Hirooki Goto
5%
El Santo
4%
Giant Baba
4%
Ivan Koloff
4%
(À gauche) Stan Hansen
4%
Tatsumi Fujinami
4%
Yuji Nagata
4%
Masahiro Chono
3%
Kensuke Sasaki
2%
Larry Zbyszko
2%
Rikidozan
2%
Shinya Hashimoto
2%
(À gauche) Toshiaki Kawada
2%
Verne Gagne
2%
Akira Maeda
1%
Riki Choshu
1%
Jim Londos
0%
Aucun quiz correspondant
Distribution des résultats
% des personnes avec chaque résultat
Percentile par nombre de réponses
Votre historique - résultats
Vous n’avez pas pris ce quiz